القانون الواجب التطبيق في منازعات عقود التجارة الإلكترونية : (Record no. 24172)
[ view plain ]
| 000 -الفاتح | |
|---|---|
| حقل البيانات ثابتة الطول | 01052nam a22002415a 4500 |
| 003 - محدد رقم الضبط | |
| رقم الضبط | OSt |
| 005 - وقت وتاريخ اخر تعامل مع التسجيلة | |
| رقم الضبط | 20170227124013.0 |
| 008 - عناصر البيانات ثابتة الطول - معلومات عامة | |
| حقل البيانات ثابتة الطول | 170215s2009 ua frb 000 0 eng d |
| 015 ## - | |
| -- | 2009 / 2199 |
| 020 ## - الرقم الدولى المعيارى للكتب | |
| الرقم الدولى المعيارى للكتاب | 9789770459321 |
| 040 ## - مصدر الفهرسة | |
| وكالة الفهرسة الأصلية | EG-ScBUE |
| لغة الفهرسة | ara |
| وكالة النسخ | EG-ScBUE |
| 082 04 - رقم تصنيف ديوى العشرى | |
| رقم التصنيف | 346.020285 |
| رقم المادة | ز م ز |
| رقم الطبعة | 22 |
| 100 1# - المدخل الرئيسى - إسم شخصى | |
| الإسم الشخصى | زمزمي، إبراهيم بن أحمد بن سعيد. |
| 245 12 - بيان العنوان | |
| العنوان | القانون الواجب التطبيق في منازعات عقود التجارة الإلكترونية : |
| بقية العنوان | دراسة مقارنة / |
| بيان المسئوليه,etc | تأليف إبراهيم بن أحمد بن سعيد زمزمي. |
| 260 ## - PUBLICATION, DISTRIBUTION, ETC. (IMPRINT) | |
| مكان الناشر او الموزع | القاهرة : |
| اسم الناشر او الموزع | دار النهضة العربية، |
| تاريخ النشر أو التوزيع | 2009. |
| 300 ## - الوصف المادى | |
| التعداد | 489 ص. ؛ |
| أبعاد الوعاء | 24 سم. |
| 504 ## - تبصرة ببليوجرافية | |
| تبصرة ببليوجرافية,الخ | يشتمل على إرجاعات ببليوجرافية. |
| 650 #7 - المدخل الاضافى بالموضوع-مصطلح موضوعى | |
| مصطلح موضوعي أو اسم جغرافي كعنصر مدخل | العقود الإلكترونية |
| التقسيم الفرعي العام | قوانين وتشريعات. |
| مصدر الرأس أو المصطلح | BUEsh |
| 9 (RLIN) | 41111 |
| 650 #7 - المدخل الاضافى بالموضوع-مصطلح موضوعى | |
| مصطلح موضوعي أو اسم جغرافي كعنصر مدخل | التجارة الإلكترونية |
| التقسيم الفرعي العام | قوانين وتشريعات. |
| 9 (RLIN) | 41112 |
| مصدر الرأس أو المصطلح | BUEsh |
| 651 ## - المدخل الاضافى بالموضوع - اسم جغرافى | |
| مصدر الرأس أو المصطلح | BUEsh |
| 653 ## - مصطلح تكشيفى غير مقيد | |
| Resource For college | Law |
| Arrived date list | February2017 |
| 942 ## - عناصر المدخل الإضافي( كوها) | |
| مصدر التصنيف او مخطط الترفيف | Dewey Decimal Classification |
| حالة التراجع | حالة الفقد | مصدر التصنيف او خطة الترفيف | حالة تلف | ليس للاعارة | مجموعات كوها | المكان الدائم | المكان الحالي | موقع الترفيف | تاريخ الاكتساب | Source of acquisition | سعر الشراء الطبيعي | تعداد مسلسل / التسلسل الزمني | رقم الاستدعاء | الباركود | Date last seen | التكلفة | نوع الوعاء |
|---|---|---|---|---|---|---|---|---|---|---|---|---|---|---|---|---|---|
| Dewey Decimal Classification | دار النهضة العربية | Central Library | Central Library | First floor | 16/02/2017 | Purchase | 70.00 | 2815 | 346.020285 ز م ز | 000045508 | 15/07/2025 | 93.75 | Book - Borrowing | ||||
| Dewey Decimal Classification | دار النهضة العربية | Central Library | Central Library | First floor | 16/02/2017 | Purchase | 70.00 | 2815 | 346.020285 ز م ز | 000045509 | 15/07/2025 | 93.75 | Book - Borrowing |